01008cam a2200325Ia 4500999001500000001000700015003000400022005001700026008004100043010001700084020001500101035002300116035002400139040003200163043001200195049000900207082001900216090002300235100002500258245012700283260004600410300002100456500003900477504005400516610004100570650002000611650002000631700001900651942001200670 c8342d8342616352OSt20191014125858.0030701s2003 miu e b 000 0 eng d a 96050966  a0310251532 a(OCoLC)ocm52530250 a(OCoLC)ocm52530250  aSDNcSDNdOCLCQdBAKERdPTS an-us-ny aPTSS00a269221bC996F aBV600.2b.C95 20031 aCymbala, Jim,d1943-10aFresh wind, fresh fire :bwhat happens when God's spirit invades the heart of his people /cJim Cymbala with Dean Merrill. aGrand Rapids, Mich. :bZondervan,cc2003. a208 p. ;c21 cm. aIncludes study guide (p. 189-208). aIncludes bibliographical references (p. 187-188).20aBrooklyn Tabernacle (New York, N.Y.) 0aSpiritual life. 0aChurch renewal.1 aMerrill, Dean. 2ddccBK